| 000 | 00610cam a2200217 4500500 | ||
|---|---|---|---|
| 005 | 20260405003414.0 | ||
| 041 | _afre | ||
| 042 | _adc | ||
| 245 | 0 | 0 | _aRéinventer l’amour |
| 260 | _c2021. | ||
| 500 | _a1 | ||
| 690 | _aCouple | ||
| 690 | _aDomination | ||
| 690 | _aHétérosexualité | ||
| 690 | _aHomosexualité | ||
| 690 | _aMona Chollet | ||
| 690 | _aPatriarcat | ||
| 690 | _aSexualité | ||
| 786 | 0 | _nPhilosophie magazine | 153 | 10 | 2021-10-01 | p. 70-70 | 1951-1787 | |
| 856 | 4 | 1 | _uhttps://shs.cairn.info/magazine-philosophie-magazine-2021-10-page-70?lang=fr&redirect-ssocas=7080 |
| 999 |
_c2067212 _d2067212 |
||